[Event "Detroit (MOR/3/62)"]
[Site "?"]
[Date "1992.??.??"]
[Round "?"]
[White "Griffin, John"]
[Black "Cheak, A."]
[Result "0-1"]
[WhiteElo "1640"]
[BlackElo "1605"]
[PlyCount "102"]
[EventDate "1992.??.??"]

{3/(62)} 1. d4 Nf6 2. c4 e5 3. dxe5 Ng4 4. Bf4 Bc5 5. e3 d6 6. Nf3 Nc6 7. exd6
Bb4+ 8. Nc3 cxd6 9. h3 Nf6 10. Bd3 O-O 11. Qc2 Ne7 12. a3 Bxc3+ 13. Qxc3 h6 14.
Bxh6 Re8 15. Bg5 Nh7 16. Bh4 f6 17. O-O Nf8 18. Bg3 Nc6 19. Rfd1 Qe7 20. Bc2
Ne5 21. Nxe5 dxe5 22. Rd2 Be6 23. Rad1 Rac8 24. b3 b5 25. Qd3 bxc4 26. bxc4
Bxc4 27. Qd6 Qf7 28. Qb4 Rb8 29. Qc3 Rec8 30. Qa1 Be6 31. Rb1 Qc7 32. Rxb8 Rxb8
33. f3 Qa5 34. Be1 Qc5 35. Bf2 Nd7 36. e4 Qa5 37. Rd1 Nc5 38. Be1 Qb6 39. Kh2
Nb3 40. Qb2 Qe3 41. Bb4 Nd4 42. Qc1 Qxc1 43. Rxc1 Rc8 44. Kg3 Ne2+ 45. Kf2 Nxc1
46. Ba4 Nd3+ 47. Ke3 Nxb4 48. axb4 Rc4 49. f4 a5 50. f5 Bf7 51. Bd7 Rxb4 0-1

[Event "Detroit (MOR/5/79)"]
[Site "?"]
[Date "1992.??.??"]
[Round "?"]
[White "Griffin, John"]
[Black "Burke, David"]
[Result "0-1"]
[WhiteElo "1640"]
[BlackElo "1605"]
[PlyCount "80"]
[EventDate "1992.??.??"]

{5/(79)} 1. d4 Nf6 2. c4 e6 3. g3 Nc6 4. Nf3 Bb4+ 5. Bd2 Bxd2+ 6. Nbxd2 Ne7 7.
Bg2 Ng6 8. O-O O-O 9. Qc2 d5 10. b3 c6 11. Rac1 Re8 12. Rfd1 Qc7 13. Qb2 h6 14.
cxd5 exd5 15. e3 Ne4 16. Nxe4 dxe4 17. Nd2 Bf5 18. Nb1 Ne7 19. Nc3 Nc8 20. Nd5
Qd7 21. Nf4 Ne7 22. Rc2 Rac8 23. Rdc1 b6 24. b4 Nd5 25. Ne2 Bg4 26. Kf1 Qf5 27.
a3 Nxe3+ 28. Kg1 Nxc2 29. Rxc2 e3 30. Nc1 Bd1 31. Rxc6 exf2+ 32. Qxf2 Qxf2+ 33.
Kxf2 Rxc6 34. Bxc6 Rc8 35. d5 Ba4 36. Ne2 Bxc6 37. dxc6 Rxc6 38. h4 Rc2 39. Kf3
Ra2 40. Kf4 Rxe2 0-1

[Event "East Lansing (MI Am/2)"]
[Site "?"]
[Date "1992.??.??"]
[Round "?"]
[White "Griffin, John"]
[Black "Aldrich, Jeff"]
[Result "0-1"]
[WhiteElo "1615"]
[BlackElo "1960"]
[PlyCount "102"]
[EventDate "1992.??.??"]

1. d4 d5 2. c4 e6 3. g3 c6 4. Bg2 Nf6 5. Nf3 Nbd7 6. O-O dxc4 7. a4 c5 8. Na3
cxd4 9. Qxd4 Bc5 10. Qxc4 Qe7 11. Bd2 Nb6 12. Qc2 Bd7 13. Nc4 Rc8 14. e3 Nxc4
15. Qxc4 Bxe3 16. Qb4 Bxd2 17. Qxd2 O-O 18. b3 Rfd8 19. Qe3 Qc5 20. Qxc5 Rxc5
21. Rac1 Rxc1 22. Rxc1 Bc6 23. Ne5 Bxg2 24. Kxg2 Nd5 25. h4 f6 26. Nc4 Rc8 27.
Re1 Rc6 28. Re2 Kf7 29. Rd2 Ke7 30. Ne3 Nxe3+ 31. fxe3 Rc3 32. Rd4 Rxe3 33. Rb4
b6 34. a5 bxa5 35. Rb7+ Kf8 36. Rxa7 Rxb3 37. Rxa5 Kf7 38. Ra7+ Kg6 39. h5+ Kh6
40. Kh3 e5 41. Re7 Rb1 42. Kh4 Rh1+ 43. Kg4 Rxh5 44. Kf3 Rg5 45. g4 Kg6 46. Rd7
h5 47. gxh5+ Kxh5 48. Rd1 Rg4 49. Rh1+ Kg5 50. Rh7 Kf5 51. Rh5+ g5 0-1

[Event "Flint (Class B/4)"]
[Site "?"]
[Date "1992.??.??"]
[Round "?"]
[White "Gregory, Kevin"]
[Black "Woolery, Bob"]
[Result "1/2-1/2"]
[WhiteElo "1785"]
[BlackElo "1645"]
[PlyCount "57"]
[EventDate "1992.??.??"]

1. d4 d5 2. Nf3 Nf6 3. Bf4 Nbd7 4. e3 e6 5. Bd3 Be7 6. Nbd2 a6 7. Qe2 b5 8. O-O
O-O 9. e4 dxe4 10. Nxe4 Bb7 11. Ng3 c5 12. dxc5 Nxc5 13. Rad1 Nxd3 14. Rxd3 Nd5
15. Bc1 Qc7 16. Ne5 Bd6 17. Re1 Rac8 18. c3 Rfe8 19. Nh5 f6 20. Ng4 Qf7 21. Ng3
Bf4 22. Ne3 Nxe3 23. Bxe3 Bxg3 24. hxg3 e5 25. a3 Bd5 26. Qg4 Be6 27. Qb4 Rc4
28. Qd6 Qb7 29. Qb6 1/2-1/2

[Event "Ann Arbor (HVA/5)"]
[Site "?"]
[Date "1992.??.??"]
[Round "?"]
[White "Gregory, Kevin"]
[Black "Vega, D."]
[Result "1-0"]
[WhiteElo "1700"]
[BlackElo "1655"]
[PlyCount "111"]
[EventDate "1992.??.??"]

1. d4 Nf6 2. Nf3 g6 3. Bf4 d6 4. e3 Bg7 5. Be2 O-O 6. O-O Nbd7 7. c4 Nh5 8. Bg5
f6 9. Bh4 Bh6 10. Nfd2 Ng7 11. Nc3 Nf5 12. Nf3 Rf7 13. e4 Nxh4 14. Nxh4 Nf8 15.
d5 f5 16. exf5 gxf5 17. Bd3 e5 18. dxe6 Bxe6 19. Qh5 Qg5 20. Qxg5+ Bxg5 21. Nf3
Bf6 22. Rac1 Rg7 23. Rfe1 c6 24. b3 Kf7 25. Ne2 Re8 26. Nf4 Rg8 27. Nxe6 Nxe6
28. g3 f4 29. Bxh7 Rh8 30. Bf5 fxg3 31. Bxe6+ Rxe6 32. fxg3 Bb2 33. Rxe6 Kxe6
34. Re1+ Kd7 35. Kg2 Rh5 36. g4 Ra5 37. h4 c5 38. g5 b5 39. cxb5 Rxb5 40. Re2
Bg7 41. Kg3 Rb4 42. h5 a5 43. h6 Bh8 44. g6 a4 45. Re3 axb3 46. axb3 Rb8 47.
Kf2 Bf6 48. Ke2 Kc6 49. Re6 Bh8 50. g7 Bxg7 51. hxg7 Rg8 52. Rg6 Kd7 53. Ng5
Re8+ 54. Kd3 Rg8 55. Kc4 Kc6 56. Nh7 1-0

[Event "Ann Arbor (HVA/2/5)"]
[Site "?"]
[Date "1992.??.??"]
[Round "?"]
[White "Gregory, Kevin"]
[Black "Rysztak, R."]
[Result "1-0"]
[WhiteElo "1700"]
[BlackElo "1885"]
[PlyCount "86"]
[EventDate "1992.??.??"]

{2/(5)} 1. d4 e6 2. Nf3 b6 3. e4 Bb7 4. Bd3 c5 5. c3 cxd4 6. cxd4 Bb4+ 7. Nbd2
Nc6 8. a3 Bxd2+ 9. Bxd2 d5 10. e5 Nge7 11. Rc1 Rc8 12. O-O Rc7 13. Qe2 h6 14.
Rc2 O-O 15. Rfc1 Qd7 16. Bb4 Rfc8 17. Bd6 f5 18. Bxc7 Qxc7 19. b4 Qd7 20. Bb5
Qd8 21. Rc3 Nb8 22. Rxc8 Nxc8 23. Qc2 a6 24. Qc7 Qxc7 25. Rxc7 axb5 26. Rxb7
Nc6 27. Nh4 g5 28. Rc7 Nxd4 29. Rxc8+ Kf7 30. Nf3 Ne2+ 31. Kf1 Nf4 32. Ne1 d4
33. g3 Nd5 34. Ke2 Nc3+ 35. Kd3 f4 36. Rc6 fxg3 37. fxg3 Kg6 38. Rxe6+ Kf5 39.
Rxh6 Kxe5 40. Nf3+ Kd5 41. Nxd4 Nd1 42. Nxb5 Nf2+ 43. Ke2 Ne4 1-0

[Event "Flint (Class B/2)"]
[Site "?"]
[Date "1992.??.??"]
[Round "?"]
[White "Gregory, Kevin"]
[Black "Calton, David A"]
[Result "1/2-1/2"]
[WhiteElo "1785"]
[BlackElo "1605"]
[PlyCount "125"]
[EventDate "1992.??.??"]

1. d4 g6 2. e4 Bg7 3. c4 Nc6 4. Be3 d6 5. Nc3 e5 6. d5 Nce7 7. Bd3 f5 8. g3 Nf6
9. h3 fxe4 10. Bxe4 Nxe4 11. Nxe4 Bf5 12. Ng5 Qd7 13. g4 h6 14. gxf5 hxg5 15.
fxg6 Qf5 16. Qb3 b6 17. Qb5+ Kf8 18. O-O-O Nxg6 19. Qc6 Rc8 20. Ne2 Ke7 21. Ng3
Qf6 22. Ne4 Qf5 23. Nxg5 Qd7 24. Qxd7+ Kxd7 25. Ne6 Bh6 26. Rdg1 Bxe3+ 27. fxe3
Rcg8 28. Rg3 Nf8 29. Rhg1 Rxg3 30. Nxf8+ Rxf8 31. Rxg3 Rf7 32. Kd2 Rf2+ 33. Kc3
Rf7 34. b4 Rf1 35. Rg7+ Kc8 36. h4 Rh1 37. Rg8+ Kd7 38. Rh8 Rh3 39. Kd3 Rh2 40.
h5 Rxa2 41. h6 Rh2 42. h7 Rh4 43. b5 Rh1 44. Ke4 Rh5 45. Kf3 Rh4 46. Kg3 Rh1
47. Kg4 Rg1+ 48. Kf5 Rf1+ 49. Ke4 Rh1 50. Kf3 Rh4 51. e4 Rh1 52. Kg3 Rh6 53.
Ra8 Rxh7 54. Rxa7 Rf7 55. Ra3 Ke7 56. Rf3 Rg7+ 57. Kf2 Rg4 58. Ke3 Rg7 59. Rh3
Kd7 60. Rh4 Rg1 61. Rh7+ Kc8 62. Rh6 Rg3+ 63. Kd2 1/2-1/2

[Event "Ann Arbor (HVA/3)"]
[Site "?"]
[Date "1992.??.??"]
[Round "?"]
[White "Gregory, Kevin"]
[Black "Bemben, R."]
[Result "0-1"]
[WhiteElo "1700"]
[BlackElo "1865"]
[PlyCount "102"]
[EventDate "1992.??.??"]

1. d4 f5 2. Bf4 Nf6 3. e3 g6 4. Nf3 Bg7 5. Nbd2 O-O 6. Bc4+ d5 7. Bd3 b6 8. Qe2
c5 9. c3 Nc6 10. Ne5 Bb7 11. Ndf3 e6 12. Ng5 Qe7 13. h4 Nh5 14. Nxc6 Bxc6 15.
Nf3 Nxf4 16. exf4 cxd4 17. cxd4 Qb4+ 18. Qd2 Qxd2+ 19. Kxd2 Bb7 20. Rac1 Rac8
21. Bb5 Rf7 22. Rxc8+ Bxc8 23. Rc1 Bb7 24. g3 Bf6 25. Kd3 h6 26. a4 Kf8 27. Ne5
Bxe5 28. fxe5 a6 29. Bc6 Rc7 30. Bxd5 Rxc1 31. Bxb7 a5 32. d5 exd5 33. Bxd5 Rf1
34. Ke2 Rb1 35. b3 Rc1 36. Kd2 Rc5 37. Bc4 Rxe5 38. Kd3 Ke7 39. f3 Kd6 40. Bf7
g5 41. hxg5 hxg5 42. f4 gxf4 43. gxf4 Re4 44. Bg6 Rxf4 45. Ke3 Ke5 46. Bf7 Rd4
47. Kf3 f4 48. Bc4 Rxc4 49. bxc4 Kd4 50. c5 bxc5 51. Kxf4 Kd3 0-1

[Event "Detroit (MOR/5/94)"]
[Site "?"]
[Date "1992.??.??"]
[Round "?"]
[White "Gregg, Ted"]
[Black "Vangilder, W."]
[Result "1-0"]
[WhiteElo "1605"]
[BlackElo "1605"]
[PlyCount "21"]
[EventDate "1992.??.??"]

{5/(94)} 1. f4 d5 2. b3 Nc6 3. e3 Bf5 4. Bb5 Qd7 5. Bb2 e6 6. Nf3 f6 7. O-O a6
8. Bxc6 Qxc6 9. d3 Bc5 10. Nd4 Bg6 11. Nxc6 1-0

[Event "Flint (Class C/4)"]
[Site "?"]
[Date "1992.??.??"]
[Round "?"]
[White "Gregg, Ted"]
[Black "Nicolli, Randy"]
[Result "0-1"]
[WhiteElo "1605"]
[BlackElo "1605"]
[PlyCount "62"]
[EventDate "1992.??.??"]

1. e4 c5 2. Nc3 b6 3. d3 Bb7 4. f4 e6 5. Nf3 d5 6. exd5 exd5 7. d4 Bd6 8. Be3
Qe7 9. Qd2 Bxf4 10. Nd1 Nf6 11. Qe2 Ba6 12. Qd2 Ne4 13. Qc1 Bxf1 14. Kxf1 Bd6
15. Bf4 O-O 16. Bxd6 Qxd6 17. Nf2 f5 18. Nd3 Nd7 19. Qf4 Qc6 20. g3 Rae8 21.
Kg2 cxd4 22. Nxd4 Qc4 23. Qe3 Nef6 24. Qf2 Ng4 25. b3 Qc3 26. Nb5 Qf6 27. Qd4
Re2+ 28. Kf3 Rfe8 29. Qxd5+ Kh8 30. Qd6 R8e3+ 31. Kf4 g5# 0-1

[Event "Flint (Class C/1)"]
[Site "?"]
[Date "1992.??.??"]
[Round "?"]
[White "Gregg, Ted"]
[Black "Mannor, Keith"]
[Result "0-1"]
[WhiteElo "1605"]
[BlackElo "1605"]
[PlyCount "96"]
[EventDate "1992.??.??"]

1. f4 d5 2. Nf3 Bf5 3. e3 e6 4. b3 Nf6 5. Bb2 Nbd7 6. Be2 Bb4 7. O-O Rg8 8. Ne5
Ne4 9. d3 Nd6 10. Nd2 f6 11. Nef3 Qe7 12. Nh4 O-O-O 13. g4 Bxg4 14. Bxg4 f5 15.
Ng2 fxg4 16. a3 Bxd2 17. Qxd2 h5 18. Be5 Nxe5 19. fxe5 Nf5 20. Nf4 g5 21. Nxh5
Nh4 22. Nf6 Nf3+ 23. Rxf3 gxf3 24. Nxg8 Rxg8 25. a4 g4 26. Qf2 Qg5 27. Kh1 Qxe5
28. d4 Qg5 29. Rg1 Qh5 30. Qg3 Rh8 31. Rf1 Qh4 32. Kg1 Kd7 33. Rf2 Qxg3+ 34.
hxg3 Kd6 35. Rd2 Rh3 36. Kf2 Rh2+ 37. Ke1 Rxd2 38. Kxd2 e5 39. dxe5+ Kxe5 40.
Kd3 c5 41. c4 dxc4+ 42. bxc4 b6 43. e4 a6 44. Ke3 a5 45. Kd3 f2 46. Ke2 Kxe4
47. Kxf2 Kd3 48. Ke1 Kxc4 0-1

[Event "Detroit (MOR/1a/66)"]
[Site "?"]
[Date "1992.??.??"]
[Round "?"]
[White "Gregg, Ted"]
[Black "Franklin, M."]
[Result "1-0"]
[WhiteElo "1605"]
[BlackElo "1605"]
[PlyCount "79"]
[EventDate "1992.??.??"]

1. f4 e6 2. b3 c5 3. Bb2 Nc6 4. e3 d6 5. Bb5 Nge7 6. Nf3 a6 7. Bxc6+ Nxc6 8.
O-O Qc7 9. d3 Bd7 10. Qe1 f6 11. Nbd2 Nb4 12. Qd1 O-O-O 13. c4 e5 14. fxe5 dxe5
15. Ne4 Bf5 16. Nfd2 Bg6 17. Qg4+ Kb8 18. d4 Nc2 19. dxe5 f5 20. Rxf5 Bxf5 21.
Qxf5 Nxa1 22. e6 Qe7 23. Bxa1 g6 24. Qf4+ Ka8 25. Bxh8 Qxe6 26. Bf6 Rd3 27. Bc3
h6 28. Qxf8+ Ka7 29. Qxc5+ Ka8 30. Qf8+ Ka7 31. Bd4+ b6 32. c5 Rxd4 33. exd4
bxc5 34. dxc5 Qe5 35. c6 Qd4+ 36. Qf2 Qxf2+ 37. Nxf2 Kb6 38. Ng4 Kxc6 39. Nxh6
Kc5 40. Kf2 1-0

[Event "Flint (Class C/3)"]
[Site "?"]
[Date "1992.??.??"]
[Round "?"]
[White "Gregg, Ted"]
[Black "Faust, S."]
[Result "1-0"]
[WhiteElo "1605"]
[BlackElo "1605"]
[PlyCount "131"]
[EventDate "1992.??.??"]

1. f4 Nc6 2. e4 e6 3. Nf3 d5 4. Bb5 Bd7 5. O-O Bc5+ 6. d4 Bb6 7. e5 Nge7 8. c3
a6 9. Bd3 O-O 10. Qc2 Nf5 11. Qf2 Nce7 12. g4 Bb5 13. Bxb5 axb5 14. gxf5 Nxf5
15. Kh1 Rc8 16. Na3 Qd7 17. Nc2 c5 18. Ne3 Ne7 19. Bd2 Qe8 20. Rg1 g6 21. Qh4
h5 22. Qxh5 Kg7 23. Qh4 Rh8 24. Qf6+ Kg8 25. Rg4 Bd8 26. Rh4 Rxh4 27. Qxh4 Nf5
28. Qh3 Nxe3 29. Bxe3 c4 30. Rg1 Kg7 31. f5 exf5 32. Qh6+ Kg8 33. Ng5 Bxg5 34.
Bxg5 Qf8 35. Qh4 Qg7 36. Bf6 g5 37. Qxg5 Qxg5 38. Rxg5+ Kh7 39. Rxf5 Ra8 40. a3
b4 41. Rh5+ Kg6 42. Rh8 Ra7 43. cxb4 Kf5 44. Rg8 c3 45. bxc3 Rxa3 46. Rg3 b5
47. h4 Ra2 48. Rg2 Ra1+ 49. Kh2 Rc1 50. Rg3 Rc2+ 51. Kh3 Rc1 52. Kg2 Rc2+ 53.
Kf1 Rh2 54. Bg5 Kg6 55. Bf6+ Kh5 56. Bg5 Rc2 57. Rf3 Kg4 58. Rxf7 Rxc3 59. e6
Rc4 60. e7 Rxd4 61. e8=Q Rxb4 62. Rf4+ Rxf4+ 63. Bxf4 Kxf4 64. Qxb5 d4 65. Qe2
Kf5 66. h5 1-0

[Event "Detroit (MOR/7/75)"]
[Site "?"]
[Date "1992.??.??"]
[Round "?"]
[White "Gregg, Ted"]
[Black "Basas, J."]
[Result "1-0"]
[WhiteElo "1605"]
[BlackElo "1735"]
[PlyCount "99"]
[EventDate "1992.??.??"]

{7/(75)} 1. f4 d5 2. b3 Nf6 3. Bb2 e6 4. Nf3 Nc6 5. e3 g6 6. Bb5 Bd7 7. O-O Bg7
8. d3 O-O 9. Nbd2 Ne7 10. Bxd7 Nxd7 11. Bxg7 Kxg7 12. Ne5 Nf5 13. Qe1 Nxe5 14.
fxe5 c6 15. Nf3 Qe7 16. Qf2 a6 17. h3 f6 18. g4 fxe5 19. gxf5 exf5 20. Qg3 Rae8
21. h4 Rf6 22. Rf2 h6 23. Raf1 Qe6 24. Qh3 c5 25. Rg2 Rg8 26. Nd2 Kh7 27. e4
Rgf8 28. Rgf2 Qf7 29. exf5 gxf5 30. Rg2 f4 31. Nf3 Rf5 32. Kh1 e4 33. dxe4 dxe4
34. Nd2 Qd5 35. Rfg1 e3 36. Nf3 Qf7 37. Rg7+ Qxg7 38. Rxg7+ Kxg7 39. Qg4+ Kh7
40. h5 R8f7 41. Qg6+ Kh8 42. Qxh6+ Rh7 43. Qe6 Rfxh5+ 44. Kg2 Rg7+ 45. Kf1 Rh1+
46. Ke2 Rg2+ 47. Kd3 e2 48. Qe5+ Kh7 49. Qxf4 Rd1+ 50. Kc3 1-0

[Event "Detroit (MOR/2/73)"]
[Site "?"]
[Date "1992.??.??"]
[Round "?"]
[White "Gregg, Ted"]
[Black "Alliston, Richard"]
[Result "0-1"]
[WhiteElo "1605"]
[BlackElo "1650"]
[PlyCount "106"]
[EventDate "1992.??.??"]

{2/(73)} 1. f4 d5 2. b3 Nf6 3. Bb2 e6 4. Nf3 Be7 5. e3 c5 6. Be2 Nc6 7. O-O Bd7
8. Ne5 Nxe5 9. fxe5 Ng8 10. c4 Bc6 11. Bf3 Bg5 12. Nc3 Ne7 13. Ne2 Qb6 14. cxd5
Nxd5 15. Nf4 Nxf4 16. Bxc6+ Qxc6 17. exf4 Be7 18. Qf3 Qxf3 19. Rxf3 O-O-O 20.
Rd1 g6 21. Rc3 Kb8 22. Rc4 Rd3 23. Rc3 Rhd8 24. Rxd3 Rxd3 25. Bc3 Kc7 26. Kf2
Kc6 27. Ke2 Rd5 28. d4 b5 29. dxc5 Rxd1 30. Kxd1 Bxc5 31. Ke2 Kd5 32. Kf3 b4
33. Bb2 Bd4 34. Bc1 Bg1 35. Be3 Bxe3 36. Kxe3 a5 37. g4 h6 38. h4 g5 39. fxg5
hxg5 40. h5 Kxe5 41. Kf3 f5 42. Kg3 Kf6 43. Kf3 Kg7 44. Kg3 Kh6 45. Kf3 fxg4+
46. Kxg4 e5 47. Kf5 Kxh5 48. Kxe5 Kg4 49. Ke4 Kg3 50. Kf5 g4 51. Kg5 Kf3 52.
Kh4 g3 53. Kh3 Kf2 0-1

[Event "Detroit (Pan Am/6)"]
[Site "?"]
[Date "1992.??.??"]
[Round "?"]
[White "Greenwald, R."]
[Black "Spangler, Richard"]
[Result "0-1"]
[WhiteElo "1605"]
[BlackElo "1605"]
[PlyCount "102"]
[EventDate "1992.??.??"]

1. c4 e5 2. e4 Nf6 3. Nc3 c6 4. Nf3 d5 5. exd5 cxd5 6. Nxe5 d4 7. Nb1 Qe7 8.
Qe2 Nc6 9. Nf3 Bf5 10. Qxe7+ Bxe7 11. d3 O-O 12. a3 Rfe8 13. Kd1 Ng4 14. Kc2
Nxf2 15. Rg1 Ng4 16. h3 Ne3+ 17. Kd2 Bd6 18. g4 Bg6 19. Be2 Bf4 20. Bd1 Nxc4+
21. Kc2 Ne3+ 22. Bxe3 Bxe3 23. Rg2 Na5 24. b4 Rac8+ 25. Kb2 Bc1+ 26. Ka2 f6 27.
Nxd4 Bf7+ 28. Nb3 Bxb3+ 29. Bxb3+ Nxb3 30. Kxb3 Re3 31. Rc2 Rxd3+ 32. Nc3 Bf4
33. h4 Be5 34. Rac1 g6 35. a4 f5 36. gxf5 gxf5 37. Rg1+ Kf7 38. Rf1 Ke6 39. Re1
Kf6 40. Rxe5 Kxe5 41. Kb2 Rcxc3 42. Rxc3 Rxc3 43. Kxc3 f4 44. Kd2 Ke4 45. Ke2
a6 46. a5 h5 47. Kf2 f3 48. Kf1 Kf4 49. Kf2 Kg4 50. Kf1 Kxh4 51. Kg1 Kg3 0-1

[Event "Detroit (Pan Am/2)"]
[Site "?"]
[Date "1992.??.??"]
[Round "?"]
[White "Greenwald, R."]
[Black "Pratto, R."]
[Result "0-1"]
[WhiteElo "1605"]
[BlackElo "1605"]
[PlyCount "72"]
[EventDate "1992.??.??"]

1. c4 Nf6 2. d4 g6 3. Nc3 Bg7 4. Nf3 O-O 5. e3 d6 6. Be2 b6 7. O-O Bb7 8. b3 c5
9. Bb2 Nbd7 10. Rb1 Ne4 11. Qc2 f5 12. d5 Ndf6 13. Bd3 Nxc3 14. Bxc3 Ne8 15.
Ng5 Bc8 16. e4 Bxc3 17. Qxc3 e5 18. dxe6 Qxg5 19. f4 Qf6 20. Qxf6 Rxf6 21. exf5
gxf5 22. e7 Kf7 23. Rbe1 Ng7 24. Rf3 Re6 25. Rfe3 Rxe3 26. Rxe3 Bd7 27. Be2 Re8
28. Rh3 Rh8 29. Re3 Be6 30. Rg3 Re8 31. h4 Rxe7 32. Bf3 Kf8 33. Kh2 Bf7 34. Rg5
h6 35. Rg3 Nh5 36. Rh3 Nxf4 0-1

[Event "Detroit (Pan Am/4)"]
[Site "?"]
[Date "1992.??.??"]
[Round "?"]
[White "Greenwald, R."]
[Black "Evans, D."]
[Result "0-1"]
[WhiteElo "1605"]
[BlackElo "1605"]
[PlyCount "46"]
[EventDate "1992.??.??"]

1. c4 d5 2. cxd5 Qxd5 3. Nc3 Qd8 4. d4 e6 5. Nf3 Nf6 6. e4 Bb4 7. Bd2 Bxc3 8.
bxc3 Nxe4 9. Bd3 Nxd2 10. Qxd2 h6 11. O-O a6 12. a4 Nd7 13. Rfe1 Nf6 14. Ne5
O-O 15. Re3 Qd6 16. Be2 Bd7 17. Rg3 Ne4 18. Rxg7+ Kxg7 19. Qe3 f5 20. Bd3 Rf6
21. Bxe4 fxe4 22. Qxe4 Bc6 23. Qg4+ Kh7 0-1

[Event "Detroit (MI Action/1)"]
[Site "?"]
[Date "1992.??.??"]
[Round "?"]
[White "Grams, Paul"]
[Black "Zuniga, Jesus"]
[Result "1-0"]
[WhiteElo "1800"]
[BlackElo "1605"]
[PlyCount "75"]
[EventDate "1992.??.??"]

1. e4 e5 2. Nf3 Nc6 3. Bb5 Nd4 4. Nxd4 exd4 5. O-O Nf6 6. b3 a6 7. Bd3 d6 8.
Bb2 Ng4 9. Bxd4 Qh4 10. h3 c5 11. Bb2 Nf6 12. Qf3 Be7 13. Re1 Bg4 14. hxg4 Nxg4
15. Qg3 Qxg3 16. fxg3 O-O 17. Nc3 Bg5 18. Re2 Ne5 19. Nd5 Nxd3 20. cxd3 Rae8
21. Rf1 f6 22. d4 f5 23. d3 fxe4 24. Rxf8+ Rxf8 25. dxe4 h6 26. dxc5 dxc5 27.
e5 Rf5 28. Nf4 Kh7 29. e6 Rf8 30. Nh5 g6 31. Ng7 a5 32. e7 Bxe7 33. Rxe7 h5 34.
Ne6+ Kg8 35. Rg7+ Kh8 36. Rf7+ Kg8 37. Rxf8+ Kh7 38. Rh8# 1-0

[Event "Detroit (MI Action/3)"]
[Site "?"]
[Date "1992.??.??"]
[Round "?"]
[White "Grams, Paul"]
[Black "Walls, R."]
[Result "1-0"]
[WhiteElo "1800"]
[BlackElo "1605"]
[PlyCount "81"]
[EventDate "1992.??.??"]

1. e4 c6 2. d4 d5 3. e5 Bf5 4. Bd3 Qd7 5. Nf3 h6 6. O-O e6 7. Re1 Ne7 8. b3
Bxd3 9. Qxd3 Ng6 10. c4 c5 11. Nc3 dxc4 12. Qxc4 cxd4 13. Rd1 Qc6 14. Rxd4 Qxc4
15. Rxc4 Nc6 16. Nb5 Rc8 17. Nd6+ Bxd6 18. exd6 O-O 19. Ba3 Rfd8 20. Rd1 Rd7
21. Nd4 Nge5 22. Rc3 a6 23. f4 Nxd4 24. Rxc8+ Kh7 25. Rxd4 Nc6 26. Rd3 e5 27.
Rc7 Rd8 28. fxe5 Nxe5 29. Re3 Nd7 30. Re7 Nf6 31. Rxf7 Ne8 32. Rcd7 Rc8 33.
Rxb7 Rd8 34. Rf8 Nxd6 35. Rxd8 Nxb7 36. Rd7 Na5 37. Bb2 Kg6 38. Rxg7+ Kh5 39.
h3 Nc6 40. Kh2 Nb4 41. g4+ 1-0

[Event "Detroit (MI Action/5)"]
[Site "?"]
[Date "1992.??.??"]
[Round "?"]
[White "Grams, Paul"]
[Black "Vaughn, Gerald"]
[Result "1-0"]
[WhiteElo "1800"]
[BlackElo "1605"]
[PlyCount "87"]
[EventDate "1992.??.??"]

1. e4 c5 2. Nf3 Nc6 3. d4 cxd4 4. Nxd4 Nf6 5. Nc3 e5 6. Ndb5 d6 7. Bg5 Be6 8.
Bxf6 gxf6 9. Qd2 a6 10. Na3 b5 11. Nd5 Bxd5 12. exd5 Ne7 13. Nxb5 Rb8 14. Nc3
Rxb2 15. Bxa6 Bg7 16. Bb5+ Kf8 17. a4 Qa5 18. O-O f5 19. Rfb1 Rxb1+ 20. Rxb1 e4
21. Nxe4 Qxd2 22. Nxd2 Nxd5 23. Bc6 Nb4 24. Rxb4 Bc3 25. Rb8+ Kg7 26. Rxh8 Kxh8
27. Nc4 Bb4 28. a5 Kg8 29. a6 Bc5 30. Nxd6 Kf8 31. Nb5 Ke7 32. a7 Bxa7 33. Nxa7
Kd6 34. Bf3 f6 35. Kf1 h6 36. Ke2 Ke5 37. Kd3 Kd6 38. Kd4 Kc7 39. c4 Kd6 40.
c5+ Kc7 41. c6 f4 42. Nb5+ Kc8 43. Bg4+ Kd8 44. c7+ 1-0

[Event "Detroit (MI Op/2/46)"]
[Site "?"]
[Date "1992.??.??"]
[Round "?"]
[White "Grams, Paul"]
[Black "Sorensen, D."]
[Result "1/2-1/2"]
[WhiteElo "1890"]
[BlackElo "1675"]
[PlyCount "47"]
[EventDate "1992.??.??"]

{2/(46)} 1. d4 f5 2. c4 Nf6 3. Nc3 g6 4. Nf3 Bg7 5. e3 O-O 6. Be2 e6 7. O-O d6
8. Qc2 Nbd7 9. Rd1 c6 10. b4 Qe8 11. c5 dxc5 12. dxc5 Nd5 13. Nxd5 exd5 14. Nd4
Nf6 15. Rb1 a6 16. a4 Bd7 17. b5 axb5 18. axb5 Ne4 19. bxc6 bxc6 20. Rb6 Ra5
21. Nb3 Ra7 22. Bb2 Ra2 23. Nd4 Ra5 24. Nb3 1/2-1/2

[Event "Detroit (MI Op/7/35)"]
[Site "?"]
[Date "1992.??.??"]
[Round "?"]
[White "Grams, Paul"]
[Black "Morabito, Matthew"]
[Result "1/2-1/2"]
[WhiteElo "1890"]
[BlackElo "1695"]
[PlyCount "55"]
[EventDate "1992.??.??"]

{7/(35)} 1. e4 d6 2. d4 Nf6 3. Nc3 g6 4. Bc4 Bg7 5. Nf3 O-O 6. O-O c5 7. e5
dxe5 8. dxe5 Qxd1 9. Rxd1 Ng4 10. Nd5 Nc6 11. Nc7 Rb8 12. e6 f5 13. c3 Nce5 14.
Bd5 Nxf3+ 15. Bxf3 Nxh2 16. Bf4 Nxf3+ 17. gxf3 b6 18. Rd5 Bb7 19. Rd7 Bxf3 20.
Rxe7 Bf6 21. Rd7 Bc6 22. Rd2 Rb7 23. Re1 Be7 24. Nd5 Bxd5 25. Rxd5 Rd8 26. c4
Kf8 27. Red1 Ke8 28. Kg2 1/2-1/2

[Event "Detroit (MI Op/4/42)"]
[Site "?"]
[Date "1992.??.??"]
[Round "?"]
[White "Grams, Paul"]
[Black "Koger, Melvin"]
[Result "1-0"]
[WhiteElo "1890"]
[BlackElo "1850"]
[PlyCount "65"]
[EventDate "1992.??.??"]

{4/(42)} 1. e4 e6 2. d4 d5 3. e5 c5 4. c3 Nc6 5. Nf3 Qb6 6. a4 cxd4 7. Bb5 dxc3
8. Nxc3 Bc5 9. O-O Bd7 10. a5 Nxa5 11. Bxd7+ Kxd7 12. Nxd5 exd5 13. Qxd5+ Ke7
14. Ng5 Nh6 15. Rxa5 Rac8 16. Ra1 Rcd8 17. Qf3 Rd7 18. Ne4 Rc8 19. Nxc5 Qxc5
20. Bg5+ Ke8 21. Rac1 Rdc7 22. Rxc5 Rxc5 23. Qxb7 R5c7 24. Qb5+ Kf8 25. h3 Nf5
26. Rd1 Ne7 27. Rd7 Rxd7 28. Qxd7 Re8 29. Qxa7 Ng6 30. Qc5+ Kg8 31. b4 Rxe5 32.
Qc8+ Nf8 33. Be3 1-0

[Event "Detroit (MI Op/7/18)"]
[Site "?"]
[Date "1992.??.??"]
[Round "?"]
[White "Golonka, Stan"]
[Black "Williams, Ron"]
[Result "1/2-1/2"]
[WhiteElo "2025"]
[BlackElo "1895"]
[PlyCount "61"]
[EventDate "1992.??.??"]

{7/(18)} 1. c4 Nf6 2. Nc3 Nc6 3. g3 e5 4. Bg2 d6 5. d3 g6 6. Bg5 h6 7. Bd2 Bg7
8. Qc1 Ne7 9. e4 c6 10. h3 h5 11. Nf3 Bd7 12. Be3 c5 13. Qd2 a5 14. Nh4 Nh7 15.
O-O-O Rb8 16. a4 Nf8 17. Bg5 f6 18. Be3 Ne6 19. f4 Nd4 20. Bxd4 cxd4 21. Nb5
Bxb5 22. axb5 b6 23. Kb1 Qc7 24. Qc2 Qc5 25. Qa4 Ra8 26. Qa3 Kd7 27. Qxc5 dxc5
28. Rdf1 Raf8 29. fxe5 fxe5 30. Rxf8 Rxf8 31. Rf1 1/2-1/2

[Event "Detroit (MI Op/3/28)"]
[Site "?"]
[Date "1992.??.??"]
[Round "?"]
[White "Golonka, Stan"]
[Black "Vemuri, Rav"]
[Result "0-1"]
[WhiteElo "2025"]
[BlackElo "1845"]
[PlyCount "84"]
[EventDate "1992.??.??"]

{3/(28)} 1. c4 Nf6 2. Nc3 e6 3. e4 g6 4. g3 Bg7 5. Bg2 O-O 6. Nge2 d6 7. O-O c5
8. d3 Nc6 9. h3 Bd7 10. Be3 Rc8 11. Rc1 a6 12. Qd2 Na5 13. f4 b5 14. b3 b4 15.
Nd1 Nc6 16. d4 cxd4 17. Nxd4 a5 18. Nb5 Ne8 19. Nxd6 Nxd6 20. Qxd6 Qc7 21. Qxc7
Rxc7 22. Nf2 Rcc8 23. Rfd1 Nb8 24. Ba7 Rfd8 25. Ng4 a4 26. Rd6 axb3 27. axb3
Be8 28. Rcd1 Rxd6 29. Rxd6 Bf8 30. Nf6+ Kg7 31. Nxe8+ Rxe8 32. Rd3 Nc6 33. Be3
Ra8 34. e5 Ra1+ 35. Kh2 Na5 36. Bb6 Ra3 37. c5 Nc4 38. bxc4 Rxd3 39. c6 Rc3 40.
Bf1 b3 41. Bd4 Rc2+ 42. Bg2 Rxc4 0-1

[Event "Detroit (Pan Am/6)"]
[Site "?"]
[Date "1992.??.??"]
[Round "?"]
[White "Golonka, Stan"]
[Black "Tracz, J."]
[Result "1-0"]
[WhiteElo "1980"]
[BlackElo "1690"]
[PlyCount "85"]
[EventDate "1992.??.??"]

1. e4 d5 2. exd5 Nf6 3. Bb5+ Bd7 4. Bc4 Bg4 5. f3 Bf5 6. Nc3 Nbd7 7. d6 cxd6 8.
Nge2 Ne5 9. Bb3 g6 10. d4 Nc6 11. Ng3 Bd7 12. Nce4 Bg7 13. c3 O-O 14. O-O Rc8
15. Kh1 b5 16. Bg5 Nxe4 17. Nxe4 Bf5 18. Ng3 Be6 19. Bxe6 fxe6 20. Qe2 Qd7 21.
Qxb5 e5 22. d5 Nb8 23. Qxd7 Nxd7 24. Bxe7 Rf7 25. Bxd6 Nb6 26. Rfd1 Rd7 27. Ne4
Rcd8 28. Bb4 Rxd5 29. Rxd5 Rxd5 30. Kg1 Nc4 31. b3 Ne3 32. Kf2 Nc2 33. Rc1 Nxb4
34. cxb4 Rd7 35. Ke2 h6 36. Rc6 Kf7 37. Nc5 Re7 38. b5 Bf6 39. a4 Bg5 40. a5
Bc1 41. b6 axb6 42. axb6 Ba3 43. b7 1-0